| 000 | 00515nam a2200169Ia 4500 | ||
|---|---|---|---|
| 003 | LK-CoDNM | ||
| 008 | 010623t1979 xxu||||| |||| 00| 1 sin d | ||
| 040 |
_aLK-CoDNM _dLK-CoDNM _eLK-CoDNM |
||
| 041 | _asin | ||
| 080 |
_a(x)37 _bSRI |
||
| 245 | _aනව ප්රවේශකයින්ට උපදෙස් 1979-80 | ||
| 246 | _aNawa praweshakainta upades 1979-80 | ||
| 260 |
_bUniversity of Sri Jayawardhanapura _aSri Lanka _c1979 |
||
| 300 | _b16, 21.5 cm | ||
| 650 | _aUniversity Students | ||
| 942 | _cBK | ||
| 999 |
_c110985 _d110985 |
||